000 00746nam a2200205Ii 4500
003 JO-AjNU
008 230605s9999||||xx |||||||||||||| ||und||
040 _aJO-AjNU
_bara
_erda
_cJO-AjNU
041 _aara
050 1 4 _aK3610.T7.D234.1999
100 3 _aالديات، سميرة عايد,
_eauthor
_952973
245 0 0 _aعمليات نقل وزرع الأعضاء البشرية بين الشرع والقانون
250 _aط1
264 3 1 _aعمان : دار الثقافة ، 1999
300 _a368ص
_bيشتمل على مراجع ببلوغرافية ص (339-363)
336 _atext
_btxt
_2rdacontent
337 _aunmediated
_bn
_2rdamedia
338 _avolume
_bnc
_2rdacarrier
490 0 _aالمكتبة القانونية 264
999 _aA23497
_c27065
_d27065